[Event "Qatar Masters Open 2023"]
[Site "Doha QAT"]
[Date "2023.10.20"]
[Round "9.71"]
[White "Tomaszewski, Kacper"]
[Black "Dragicevic, Drazen"]
[Result "1-0"]
[WhiteTitle "FM"]
[BlackTitle "FM"]
[WhiteElo "2307"]
[BlackElo "2354"]
[WhiteFideId "1127373"]
[BlackFideId "1707922"]
[EventDate "2023.10.11"]

1. Nf3 d5 2. c4 c6 3. e3 Nf6 4. Nc3 Nbd7 5. d4 e6 6. Qc2 Bd6 7. Be2 O-O 8. O-O
dxc4 9. Bxc4 a6 10. a3 Qc7 11. b4 a5 12. Rb1 axb4 13. axb4 e5 14. h3 exd4 15.
exd4 Nb6 16. Bd3 h6 17. Re1 Be6 18. Ne5 Rfd8 19. Bd2 Nbd5 20. Na4 Nb6 21. Nc5
Bd5 22. Rb2 Ra3 23. b5 Bxc5 24. Qxc5 Rxd3 25. Ba5 Nfd7 26. Qe7 Ra8 27. bxc6 Rxa5
28. cxd7 Ra8 29. Rxb6 Rxd4 30. Qe8+ Kh7 31. Qxa8 Bxg2 32. Nxf7 Qxb6 33. d8=Q
Rxd8 34. Qxd8 Qb4 35. Qh8+ Kg6 36. Ne5+ Kh5 37. Qe8+ Kh4 38. Nd3 1-0

[Event "Qatar Masters Open 2023"]
[Site "Doha QAT"]
[Date "2023.10.20"]
[Round "9.72"]
[White "Bagwe, Gaurang"]
[Black "Rakshitta, Ravi"]
[Result "1/2-1/2"]
[WhiteTitle "FM"]
[BlackTitle "WGM"]
[WhiteElo "2348"]
[BlackElo "2272"]
[WhiteFideId "45039895"]
[BlackFideId "25073230"]
[EventDate "2023.10.11"]

1. e4 e5 2. Nf3 Nc6 3. Bb5 f5 4. exf5 e4 5. Qe2 Qe7 6. Bxc6 dxc6 7. Nd4 Qe5 8.
c3 c5 9. Nb5 a6 10. d4 cxd4 11. Nxd4 c5 12. f4 Qe7 13. Nb3 Bxf5 14. Be3 Qc7 15.
g4 Bd7 16. N1d2 O-O-O 17. O-O-O Nf6 18. h3 g6 19. Qc4 b5 20. Qf7 Qc6 21. Nxc5
Nd5 22. Nxd7 Nxe3 23. Ne5 Qd6 24. Qa7 Nxd1 25. Nxe4 Qd5 26. Qxa6+ Kc7 27. Qa7+
Kc8 28. Qa6+ Kc7 29. Qa7+ Kc8 30. Qa6+ Kc7 1/2-1/2

[Event "Qatar Masters Open 2023"]
[Site "Doha QAT"]
[Date "2023.10.20"]
[Round "9.73"]
[White "Liu, Yi"]
[Black "Nagarkatte Vedant"]
[Result "1-0"]
[WhiteTitle "FM"]
[BlackTitle "FM"]
[WhiteElo "2301"]
[BlackElo "2345"]
[WhiteFideId "3210588"]
[BlackFideId "25636227"]
[EventDate "2023.10.11"]

1. d4 d5 2. Nc3 Nf6 3. Bf4 c5 4. e4 cxd4 5. Qxd4 Nc6 6. Bb5 Bd7 7. Bxc6 Bxc6 8.
e5 Nd7 9. e6 fxe6 10. Nf3 Qb6 11. Qd2 d4 12. Qxd4 Bxf3 13. Qxb6 axb6 14. gxf3 g6
15. Nb5 Ra4 16. Bd2 Bg7 17. c3 O-O 18. b3 Rh4 19. Ke2 Rh5 20. a4 Rhf5 21. Be3
Rxf3 22. b4 R3f7 23. Nc7 Bxc3 24. Rad1 Ne5 25. Nxe6 Ra8 26. b5 Nc4 27. Rd8+ Rxd8
28. Nxd8 Rf8 29. Rd1 Nb2 30. Rd7 Nxa4 31. Ne6 Rb8 32. Bf4 Rc8 33. Rxb7 Bf6 34.
Nc7 e5 35. Be3 Nc3+ 36. Kd3 e4+ 37. Kc4 Bd8 38. Bxb6 Nd1 39. Kd5 Nxf2 40. Bxf2
Bxc7 41. h3 Bh2 42. Bd4 Rd8+ 43. Kxe4 Re8+ 44. Kd5 Rd8+ 45. Kc4 Rc8+ 46. Kb4
Bd6+ 47. Kb3 Bf8 48. b6 Rd8 49. Kc4 g5 50. Rc7 Rb8 51. b7 Bd6 52. Rg7+ Kf8 53.
Rxh7 Kg8 54. Rh8+ Kf7 55. Rxb8 Bxb8 56. Kd5 Ke7 57. Be5 Ba7 58. Ke4 Ke6 59. b8=Q
Bxb8 60. Bxb8 Kf6 61. Kf3 Kf5 62. Kg3 Kg6 63. Kg4 Kh6 64. Ba7 Kg6 65. Be3 Kh6
66. Bxg5+ Kg6 67. h4 Kh7 68. h5 Kg7 69. h6+ Kg6 70. Kh4 Kh7 71. Kh5 Kg8 72. Kg6
Kh8 73. Bf6+ Kg8 74. h7+ 1-0

[Event "Qatar Masters Open 2023"]
[Site "Doha QAT"]
[Date "2023.10.20"]
[Round "9.74"]
[White "Chan, Kim Yew"]
[Black "Balajayeva, Khanim"]
[Result "1/2-1/2"]
[WhiteTitle "FM"]
[BlackTitle "IM"]
[WhiteElo "2292"]
[BlackElo "2340"]
[WhiteFideId "5717981"]
[BlackFideId "13406396"]
[EventDate "2023.10.11"]

1. Nf3 d5 2. c4 e6 3. g3 Nf6 4. Bg2 Be7 5. O-O O-O 6. d4 dxc4 7. Qc2 a6 8. a4
Bd7 9. Qxc4 Bc6 10. Bf4 Bd6 11. Qc1 Nbd7 12. Nc3 Rb8 13. Rd1 Qe7 14. a5 Rfe8 15.
Ne5 Bxg2 16. Kxg2 Nd5 17. Bg5 f6 18. Nxd7 Qxd7 19. Bd2 Qc6 20. f3 e5 21. e4 Nxc3
22. Bxc3 exd4 23. Rxd4 f5 24. Raa4 Qb5 25. Qd1 fxe4 26. Rxe4 Rxe4 27. Rxe4 Rf8
28. Qd4 Rf7 29. Qe3 Qd5 30. Rd4 Qf5 31. Qe8+ Rf8 32. Qe2 Rf7 33. Qe8+ Rf8 34.
Qe2 Rf7 1/2-1/2

[Event "Qatar Masters Open 2023"]
[Site "Doha QAT"]
[Date "2023.10.20"]
[Round "9.75"]
[White "Kwon, Sehyun"]
[Black "Njili, Kamel"]
[Result "0-1"]
[WhiteTitle "FM"]
[BlackTitle "IM"]
[WhiteElo "2313"]
[BlackElo "2423"]
[WhiteFideId "13203088"]
[BlackFideId "5500869"]
[EventDate "2023.10.11"]

1. d4 Nf6 2. Nf3 e6 3. g3 b5 4. Bg2 c5 5. e4 Bb7 6. e5 Nd5 7. O-O Nc6 8. a4 bxa4
9. c4 Nb6 10. d5 Na5 11. Nc3 Naxc4 12. Ng5 Qc8 13. Re1 Be7 14. Qh5 Bxg5 15. Bxg5
Nxd5 16. Ne4 Ndb6 17. Bf4 h6 18. Rac1 Bd5 19. Rxc4 Nxc4 20. Nd6+ Nxd6 21. Bxd5
Nf5 22. Be4 Nd4 23. Qg4 Kf8 24. Qd1 Rb8 25. Qxa4 Rxb2 26. Be3 Ne2+ 27. Kf1 Rb4
28. Qc2 Nd4 29. Qa2 g6 30. Qxa7 Kg7 31. Rc1 Nb3 0-1

[Event "Qatar Masters Open 2023"]
[Site "Doha QAT"]
[Date "2023.10.20"]
[Round "9.76"]
[White "Karamsetty, Jeevan"]
[Black "Jaiveer, Mahendru"]
[Result "1-0"]
[BlackTitle "FM"]
[WhiteElo "2300"]
[BlackElo "2393"]
[WhiteFideId "2025337"]
[BlackFideId "25611151"]
[EventDate "2023.10.11"]

1. e4 c5 2. Nc3 Nc6 3. Bb5 Nd4 4. Bc4 e6 5. Nge2 Nf6 6. O-O a6 7. a4 d5 8. exd5
exd5 9. Ba2 Be6 10. d3 Nxe2+ 11. Nxe2 Bd6 12. Bf4 O-O 13. c3 Bf5 14. Qd2 Re8 15.
Rfe1 b5 16. Bxd6 Qxd6 17. Ng3 Bd7 18. Rxe8+ Rxe8 19. axb5 axb5 20. Bb3 d4 21. h3
dxc3 22. bxc3 h5 23. Nf1 Bc6 24. Ra7 Nd7 25. d4 c4 26. Bc2 Nf6 27. Ra6 Qd7 28.
Ne3 Bxg2 29. Bf5 Qb7 30. Rxf6 Bf3 31. Bd7 Ra8 32. Rxf3 Qxf3 33. Qb2 b4 34. cxb4
Qe4 35. Bf5 Qc6 36. d5 Qb5 37. Qc3 g6 38. Be4 Ra4 39. d6 Rxb4 40. Nd5 Rb1+ 41.
Kg2 Rd1 42. Qe5 1-0